000 00708nam a2200217 a 4500
001 BRL_1623
005 20190320211308.0
008 060116s1950----mx-o######---#000-0#spa-#
041 _aspa
044 _amx
050 4 _aF1215
_b.G37 1950
100 1 _aGarcía, Rubén
_d1896-
_927474
245 1 0 _aRincones y paisajes del México maravilloso
_cRubén García ; prólogo por el Lic. José Vasconcelos.
260 _aMéxico
_bSEP, Departamento de Divulgación
_c1950
300 _a451 p.
_bil., fotografías (blanco y negro)
_c23 cm.
500 _aAu1899
651 4 _aMéxico
_xDescripciones y viajes
_927475
700 1 _aVasconcelos, José
_d1881-1959
_epról.
_927476
902 _aGRL
942 _2lcc
_cB
999 _c10432
_d10432